000 00725nam a22002417a 4500
001 BR6001319
003 BR-BrBNA
005 20230928083054.0
007 ta
008 230509b bl.||||| |||| 00| 0 por d
040 _aBR-BrBNA
_bpor
_cBiblioteca Nacional de Agricultura
041 _a(Por)
072 _aF01
_b0430
090 _ 0430 BR6001319
110 1 _aMinisterio da Agricultura, Industria e Commercio, Rio de Janeiro, GB (Brasil). Servico do Algodao
_96892
245 1 _aInstruccoes para o cultivo e selecao do algodao
260 3 _aRio de Janeiro, GB (Brasil):
_c1924.
300 _a7 p.
650 _aALGODAO HERBACEO
650 _aPRATICA CULTURAL
909 _a202309
_bLucia
_c55
_dLucia Elande
942 _cBK
999 _c11423
_d11423